000 00330pab a2200145 454500
008 180718b2002 xxu||||| |||| 00| 0 eng d
100 _aKaul, Kapil
245 _aGrowth of radical Islam in Pakistan
260 _c2002
300 _ap.89-104.
362 _aMar
650 _aIslam
773 _aIndia Quarterly
909 _a53031
999 _c53031
_d53031